[Event "Stafford Wood Green Blitz op"]
[Site "Stafford"]
[Date "2023.07.16"]
[Round "4.8"]
[White "Hankey, Chris"]
[Black "Jamieson, Graham Grant"]
[Result "1/2-1/2"]
[WhiteElo "1734"]
[BlackElo "1504"]
[PlyCount "161"]
[EventDate "2023.07.16"]
[EventType "swiss"]
[EventRounds "9"]
[EventCountry "ENG"]
[SourceTitle "CBM 215 Extra"]
[Source "ChessBase"]
[SourceDate "2023.09.30"]
[SourceVersion "1"]
[SourceVersionDate "2023.09.30"]
[SourceQuality "1"]

1. d4 Nf6 2. c4 e6 3. Nc3 Bb4 4. Bg5 Bxc3+ 5. bxc3 h6 6. Bxf6 Qxf6 7. Nf3 d6 8. e4 Nc6 9. Bd3 e5 10. d5 Ne7 11. 0-0 Bg4 12. Be2 g5 13. h3 h5 14. Nh2 Bxe2 15. Qxe2 0-0-0 16. Qf3 Qg7 17. Qe3 b6 18. a4 a5 19. Rab1 f5 20. Rb5 f4 21. Qe2 g4 22. hxg4 hxg4 23. Qxg4+ Qxg4 24. Nxg4 Rdg8 25. Nh2 Rg7 26. g3 Ng6 27. Kg2 Nh4+ 28. Kg1 fxg3 29. fxg3 Rxg3+ 30. Kh1 Nf3 31. Rb2 Nxh2 32. Rxh2 Rxh2+ 33. Kxh2 Rxc3 34. Rf8+ Kd7 35. Rf7+ Kd8 36. Rf8+ Ke7 37. Rh8 Rxc4 38. Rh7+ Kf6 39. Kg3 Rxe4 40. Rxc7 Rxa4 41. Rc6 Ke7 42. Rxb6 Rd4 43. Rb5 a4 44. Ra5 a3 45. Kf3 a2 46. Rxa2 Rxd5 47. Ra7+ Ke6 48. Ke4 Rd4+ 49. Ke3 Rf4 50. Ra8 Rf7 51. Re8+ Re7 52. Rh8 d5 53. Rh6+ Kd7 54. Kd3 Re6 55. Rh7+ Kd6 56. Rh8 Re7 57. Rh6+ Kc5 58. Rh8 e4+ 59. Ke3 Kd6 60. Rh6+ Re6 61. Rh8 Kc5 62. Rc8+ Rc6 63. Rd8 Kc4 64. Rd7 Rc5 65. Rd8 Kc3 66. Rd7 Kc4 67. Rd8 Rc6 68. Rd7 Kc5 69. Rd8 Rd6 70. Rc8+ Kb6 71. Rb8+ Kc7 72. Rb2 Kd7 73. Kd4 Ke6 74. Rh2 Kf5 75. Rh8 Kf4 76. Rf8+ Kg3 77. Ke3 d4+ 78. Kxe4 d3 79. Rf3+ Kg4 80. Rxd3 Rxd3 81. Kxd3 1/2-1/2

[Event "Stafford Wood Green Blitz op"]
[Site "Stafford"]
[Date "2023.07.16"]
[Round "5.7"]
[White "Jamieson, Graham Grant"]
[Black "Richardson, Alex"]
[Result "0-1"]
[WhiteElo "1504"]
[BlackElo "2154"]
[PlyCount "100"]
[EventDate "2023.07.16"]
[EventType "swiss"]
[EventRounds "9"]
[EventCountry "ENG"]
[SourceTitle "CBM 215 Extra"]
[Source "ChessBase"]
[SourceDate "2023.09.30"]
[SourceVersion "1"]
[SourceVersionDate "2023.09.30"]
[SourceQuality "1"]

1. e4 c5 2. Nf3 Nc6 3. Bc4 e6 4. a3 a6 5. d3 b5 6. Ba2 Bb7 7. Be3 Nf6 8. h3 d5 9. e5 Nd7 10. d4 cxd4 11. Nxd4 Ncxe5 12. 0-0 Bd6 13. f4 Nc4 14. Bxc4 dxc4 15. f5 e5 16. Nf3 Qc7 17. Ng5 Qc6 18. Qe2 h6 19. Nf3 f6 20. Nbd2 Bc5 21. Rad1 Bxe3+ 22. Qxe3 Qc5 23. Qxc5 Nxc5 24. Rfe1 Kf7 25. b4 cxb3 26. Nxb3 Nxb3 27. Rd7+ Kg8 28. Rxb7 Nc5 29. Rc7 Na4 30. Rd1 Kh7 31. Rdd7 Rhg8 32. g4 Rac8 33. h4 Rxc7 34. Rxc7 Rd8 35. g5 hxg5 36. hxg5 e4 37. g6+ Kg8 38. Ne1 Nb6 39. Kf2 Nd5 40. Ra7 Re8 41. Ng2 e3+ 42. Ke2 Nc3+ 43. Ke1 e2 44. Nf4 a5 45. Rxa5 Rd8 46. Nxe2 Re8 47. Kf1 Nxe2 48. Rxb5 Nd4 49. Rd5 Nxc2 50. Kg2 Ne3+ 0-1